000 00607nam a22001457a 4500
005 20240705110010.0
008 240601b |||||||| |||| 00| 0 eng d
041 _aEng.
100 _aTanveer Gundagi
_9206645
110 _aDr.Jomet George
_9206646
245 _aTo Assess The Prevalence Of Electronic Gadget Addiction And explore Its Association With Sleep Quality And Psychological Wellbeing Among Rural And Urban Adolescents Of Belagavi District ,Karnataka (Ph.D)
260 _aRajasthan
_bShri Jagdishprasad Jhabarmal tibrewala university Vidyanagari,Jhunjhunu
_c2023
300 _aPg.266
942 _cPH
999 _c358047
_d358047